| 000 | 00415nam a2200145Ia 4500 | ||
|---|---|---|---|
| 008 | 230917s9999||||xx |||||||||||||| ||und|| | ||
| 040 |
_e204044 _aMAIN |
||
| 041 | _aEnglish | ||
| 082 | _a658.4092 E27H | ||
| 100 | _aEley, Adrian | ||
| 245 | 0 | _aHow to be an effective supervisor: Best practice in research student supervision | |
| 260 |
_aNew Delhi _bTata McGraw-Hill _c2009 |
||
| 300 | _axv, 225 p. | ||
| 942 | _cBK | ||
| 999 |
_c173140 _d173140 |
||